Statistics for Biggest World Cities (A-Z by Last Letter) Beginning with R

Click here to take the quiz!

General Stats

  • This quiz has been taken 99 times
  • The average score is 8 of 26

Answer Stats

CountryStartsPlaceEndsPopulation% Correct
LatviaRRigaA742k
95%
Saudi ArabiaRRiyadhH4.2m
95%
BrazilRRio de JaneiroO6.0m
94%
ItalyRRomeE2.3m
93%
NetherlandsRRotterdamM598k
93%
MoroccoRRabatT1.6m
90%
USA (VA)RRichmondD220k
79%
RussiaR{Rostov}-na-DonuU1.1m
77%
PakistanRRawalpindiI1.7m
65%
FranceRRoubaixX96k
12%
IndiaRRaipurR680k
10%
PolandRRzeszowW158k
5%
PakistanRRahim Yar {Khan}N789k
2%
South AfricaRRandburgG337k
1%
PalestineRRafah CampP36k
0%
KosovoRRahovecC16k
0%
IndiaRRaiganjJ170k
0%
IndiaRRajahmundryY305k
0%
MalaysiaRRaubB32k
0%
SwitzerlandRRegensdorfF18k
0%
RussiaRReutovV78k
0%
BrazilRRibeirao das {Neves}S407k
0%
Canada (ON)RRichmond HillL185k
0%
PhilippinesRRodriguezZ134k
0%
IndiaRRohtakK317k
0%
OmanRRustaqQ79k
0%

Score Distribution

Percentile by Number Answered

Percent of People with Each Score

Your Score History

You have not taken this quiz